000 00301nam a22001337a 4500
008 170203b xxu||||| |||| 00| 0 eng d
020 _a9780323057882
041 _aeng
080 _226TH
_a61
100 _a3
101 _aSHM
245 _a2011 INTRAVENOUS MEDICATIONS
_cGAHART, B.L
942 _2udc
_cBK
999 _c4464
_d4464